Pakistan, the formative phase, 1857-1948 / (Record no. 26909)
[ view plain ]
| 000 -LEADER | |
|---|---|
| fixed length control field | 00883cam a22002771 4500 |
| 001 - CONTROL NUMBER | |
| control field | 26909 |
| 003 - CONTROL NUMBER IDENTIFIER | |
| rucl marc code | BD-RjUL |
| 005 - DATE AND TIME OF LATEST TRANSACTION | |
| control field | 20211209051102.0 |
| 008 - FIXED-LENGTH DATA ELEMENTS--GENERAL INFORMATION | |
| fixed length control field | 140324s1968 enk b 001 0 eng |
| 035 ## - SYSTEM CONTROL NUMBER | |
| System control number | (BD-RjUL)26980 |
| 040 ## - CATALOGING SOURCE | |
| Original cataloging agency | DLC |
| Transcribing agency | DLC |
| Modifying agency | DLC |
| -- | BD-RjUL |
| Language of cataloging | eng |
| 041 ## - LANGUAGE CODE | |
| Language code of text/sound track or separate title | eng |
| 082 00 - DEWEY DECIMAL CLASSIFICATION NUMBER | |
| Classification number | 954.9 |
| Author mark and year | SAP 1968 |
| 100 1# - MAIN ENTRY--PERSONAL NAME | |
| Personal name | Sayeed, Khalid B. |
| 9 (RLIN) | 82710 |
| 245 10 - TITLE STATEMENT | |
| Title | Pakistan, the formative phase, 1857-1948 / |
| Statement of responsibility, etc. | by Khalid B. Sayeed; with a foreword by George Cunningham. |
| 250 ## - EDITION STATEMENT | |
| Edition statement | 2nd ed. |
| 260 ## - PUBLICATION, DISTRIBUTION, ETC. (IMPRINT) | |
| Place of publication, distribution, etc. | London : |
| -- | New York [etc.] ; |
| Name of publisher, distributor, etc. | Oxford University Press, |
| Date of publication, distribution, etc. | c1968. |
| 300 ## - PHYSICAL DESCRIPTION | |
| Pagination | ix, 341 p. ; |
| Size | 23 cm. |
| 504 ## - BIBLIOGRAPHY, ETC. NOTE | |
| Bibliography, etc | Bibliography: p. 308-316 & Includes Index. |
| 650 #0 - SUBJECT ADDED ENTRY--TOPICAL TERM | |
| Topical term or geographic name as entry element | Muslims |
| Geographic subdivision | India. |
| 9 (RLIN) | 82711 |
| 651 #0 - SUBJECT ADDED ENTRY--GEOGRAPHIC NAME | |
| Geographic name | Pakistan |
| General subdivision | History. |
| 9 (RLIN) | 82712 |
| Geographic name | Pakistan |
| General subdivision | Politics and government. |
| 9 (RLIN) | 82713 |
| 942 ## - ADDED ENTRY ELEMENTS (KOHA) | |
| Source of classification or shelving scheme | Dewey Decimal Classification |
| Koha item type | Books |
| Lost status | Source of classification or shelving scheme | Damaged status | Not for loan | Collection code | Permanent Location | Current Location | Shelving location | Date acquired | Source of acquisition | Cost, normal purchase price | Total Checkouts | Full call number | Date last seen | Copy number | Koha item type | Date checked out |
|---|---|---|---|---|---|---|---|---|---|---|---|---|---|---|---|---|
| Dewey Decimal Classification | Non-fiction | Central Library, University of Rajshahi | Central Library, University of Rajshahi | 08/02/1973 | Britain. | 0.00 | 954.9 SAP 1968 | 24/03/2014 | C-17 | Books | ||||||
| Dewey Decimal Classification | Non-fiction | Central Library, University of Rajshahi | Central Library, University of Rajshahi | 08/02/1973 | Britain | 0.00 | 954.9 SAP 1968 | 24/03/2014 | C-20 | Books | ||||||
| Dewey Decimal Classification | Non-fiction | Central Library, University of Rajshahi | Central Library, University of Rajshahi | 30/01/1973 | Britain, Gift. | 954.9 SAP 1968 | 27/03/2014 | C-2 | Books | |||||||
| Dewey Decimal Classification | Non-fiction | Central Library, University of Rajshahi | Central Library, University of Rajshahi | 30/01/1973 | Britain, Gift. | 954.9 SAP 1968 | 27/03/2014 | C-3 | Books | |||||||
| Dewey Decimal Classification | Non-fiction | Central Library, University of Rajshahi | Central Library, University of Rajshahi | 30/01/1973 | Britain, Gift. | 954.9 SAP 1968 | 27/03/2014 | C-4 | Books | |||||||
| Dewey Decimal Classification | Non-fiction | Central Library, University of Rajshahi | Central Library, University of Rajshahi | 30/01/1973 | Britain, Gift. | 954.9 SAP 1968 | 27/03/2014 | C-5 | Books | |||||||
| Dewey Decimal Classification | Non-fiction | Central Library, University of Rajshahi | Central Library, University of Rajshahi | 30/01/1973 | Britain, Gift. | 4 | 954.9 SAP 1968 | 09/04/2018 | C-6 | Books | 18/03/2018 | |||||
| Dewey Decimal Classification | Non-fiction | Central Library, University of Rajshahi | Central Library, University of Rajshahi | 30/01/1973 | Britain, Gift. | 954.9 SAP 1968 | 27/03/2014 | C-8 | Books | |||||||
| Dewey Decimal Classification | Non-fiction | Central Library, University of Rajshahi | Central Library, University of Rajshahi | 30/01/1973 | Britain, Gift. | 954.9 SAP 1968 | 27/03/2014 | C-7 | Books | |||||||
| Dewey Decimal Classification | Not For Loan | Non-fiction | Central Library, University of Rajshahi | Central Library, University of Rajshahi | Reading Room | 26/08/1961 | Krachi pak american com inc karachi | 16.00 | 954.9 SAP 1968 | 25/02/2017 | C-1 | Books |